000 00652nam a2200241Ia 4500
005 20260429112156.0
008 260429s9999||||xx |||||||||||||| ||und||
020 _a9781032437491
041 _aEnglish
082 _a302.231
_bPAL
100 _aPaliszkiewicz, Joanna
245 0 _aPrivacy, trust and social media /
_cJoanna Paliszkiewicz
250 _a1st ed.
260 _aNew York :
_bRoutledge,
_c2024.
300 _axxxii, 263 p.; hb
440 _aRoutledge studies in trust research
650 _a Social media
650 _a Trust
650 _aPrivacy
700 _a Chen, Kuanchin
700 _a Goluchowski, Jerzy
942 _cTB
999 _c52737
_d52737